000 00540nam a2200181Ia 4500
008 100920s9999 xx 000 0 und d
082 _b99869
_a891.463.1 न 06
100 _aगायकवाड उदयसिंगराव.
245 _aट्रॉफीज.
260 _bराजहंस, पुणे.
_c2006
300 _a205
_bसाधी
365 _b140
520 _aलघुकथा.
630 _aट्रॉफीज.
650 _aलघुकथा.
730 _aट्रॉफीज.
942 _cBOOK
999 _c740307
_d740304